| 000 | 00833nam a22002177a 4500 | ||
|---|---|---|---|
| 999 |
_c65038 _d65038 |
||
| 005 | 20240530110804.0 | ||
| 008 | 190115s2015 ua a g 000 0 ara d | ||
| 017 |
_a2014/16498 _bمصر. دار الكتب |
||
| 020 | _a9789777351874 | ||
| 040 |
_aEG-CaGPL _cEG-CaGPL |
||
| 082 | 0 | 4 |
_221 _a796.812 / _bو إ |
| 100 | 0 | _aوليد محسن مصطفى نصره | |
| 245 | 1 | 0 |
_aاستراتيجية لتدريب المصارعين : _bوفقا للمحددات البدنية والفسيولوجية لمصارعى المستوى العالى / _cوليد محسن مصطفى نصره |
| 250 | _aط.1 | ||
| 260 |
_aالقاهرة : _c2015 . |
||
| 300 |
_a207 ص. : _bايض ؛ _c24 سم. |
||
| 650 | 0 | 7 |
_2qrmak _aالمصارعة |
| 650 | 0 | 7 | _aالمصارعون |
| 942 |
_2ddc _cBK |
||